[Event "SRB-chT3 North CS"]
[Site "Serbia"]
[Date "2017.10.12"]
[Round "6.5"]
[White "Rancic, Zoran"]
[Black "Markovic, Sinisa"]
[Result "1-0"]
[WhiteElo "2196"]
[BlackElo "2085"]
[PlyCount "243"]
[EventDate "2017.09.03"]
[EventType "team-tourn"]
[EventRounds "11"]
[EventCountry "SRB"]
[SourceTitle "EXT 2021"]
[Source "ChessBase"]
[SourceDate "2020.10.23"]
[SourceVersion "1"]
[SourceVersionDate "2020.10.23"]
[SourceQuality "1"]

1. d4 c6 2. c4 d6 3. Nc3 Qc7 4. e4 e5 5. d5 Nf6 6. f3 Be7 7. Be3 Nbd7 8. Nh3 h6 9. Qd2 a6 10. Be2 Nf8 11. Nf2 Ng6 12. Nd3 c5 13. b4 b6 14. 0-0 Bd7 15. Rab1 0-0 16. b5 a5 17. g4 Nh7 18. Bd1 Qd8 19. Ne2 Bg5 20. Ng3 Bxe3+ 21. Qxe3 Qg5 22. Qe1 Nf4 23. Nxf4 exf4 24. Ne2 Qe5 25. Qd2 g5 26. h4 Kg7 27. Kf2 Nf6 28. Bc2 Nh7 29. Rh1 f6 30. Rh2 Rh8 31. Rbh1 Nf8 32. Nc3 Ng6 33. Na4 Rab8 34. h5 Nf8 35. Rb1 Be8 36. Qd3 Nd7 37. Rhh1 Bf7 38. Rhd1 Ra8 39. Kg2 Rhe8 40. Nb2 Rab8 41. Re1 Nf8 42. Qa3 Qe7 43. Qd3 Qe5 44. Re2 Nd7 45. Kf2 Nf8 46. Ke1 Rb7 47. Kd1 Rbe7 48. Na4 Rb7 49. Kc1 Nd7 50. Rb3 Qe7 51. Rb1 Qe5 52. Rd2 Bg8 53. Rb2 Bh7 54. Kb1 Qe7 55. Nc3 Ne5 56. Qf1 Bg8 57. a3 Bf7 58. Ka2 Ra8 59. Kb3 a4+ 60. Ka2 Rba7 61. Rf2 Ra5 62. Nd1 Be8 63. Rb1 Bd7 64. Qe2 Qe8 65. Nc3 Qc8 66. Bd1 R8a7 67. Rc1 Kf7 68. Qf1 Qe8 69. Rb2 Ke7 70. Be2 Kd8 71. Rd2 Kc7 72. Nd1 Qe7 73. Rc3 Qe8 74. Nb2 Qe7 75. Bd1 Qe8 76. Bc2 Qa8 77. Rf2 Qe8 78. Qd1 Qb8 79. Nd3 Qe8 80. Nb4 Kb7 81. Rd2 Kc7 82. Qb1 Ra8 83. Nc6 Kb7 84. Qd1 Kc7 85. Nxa5 Rxa5 86. Bxa4 Qa8 87. Bc2 Nxc4 88. Rxc4 Rxa3+ 89. Kb2 Bxb5 90. Rc3 Rxc3 91. Kxc3 Qa3+ 92. Bb3 Qb4+ 93. Kb2 c4 94. Rd4 Ba4 95. Rxc4+ Qxc4 96. Bxa4 Qb4+ 97. Qb3 Qc5 98. Qc3 Kb7 99. Qxc5 bxc5 100. Kb3 Kb6 101. Be8 Ka5 102. Ka3 Kb6 103. Ka4 Ka6 104. Bd7 Kb6 105. Bb5 c4 106. Bxc4 Kc5 107. Be2 Kd4 108. Kb5 Ke3 109. Bd1 Kd2 110. Ba4 Ke2 111. Kc6 Kxf3 112. Bd1+ Kxe4 113. Kxd6 f5 114. Bc2+ Ke3 115. Bxf5 f3 116. Bc8 Kf4 117. Ke7 f2 118. Ba6 Kxg4 119. d6 Kf3 120. d7 g4 121. d8Q g3 122. Bf1 1-0

[Event "SRB-chT Cup"]
[Site "Kragujevac"]
[Date "2016.04.20"]
[Round "1.5"]
[White "Rancic, Zoran"]
[Black "Kokic, Miljko"]
[Result "1-0"]
[WhiteElo "2203"]
[BlackElo "1552"]
[PlyCount "66"]
[EventDate "2016.04.20"]
[EventType "team-swiss"]
[EventRounds "7"]
[EventCountry "SRB"]
[SourceTitle "EXT 2017"]
[Source "ChessBase"]
[SourceDate "2016.10.25"]
[SourceVersion "1"]
[SourceVersionDate "2016.10.25"]
[SourceQuality "1"]
[WhiteTeam "Velika Plana Morava"]
[BlackTeam "Kragujevac Lepenica"]
[WhiteTeamCountry "SRB"]
[BlackTeamCountry "SRB"]

1. d4 Nf6 2. c4 d5 3. Nc3 e6 4. Bf4 Bd6 5. e3 Bxf4 6. exf4 Nc6 7. Nf3 0-0 8. c5 a6 9. a3 h6 10. Bd3 Nd7 11. 0-0 f5 12. Re1 Qf6 13. Ne2 g5 14. Bc2 g4 15. Ne5 Ndxe5 16. fxe5 Qg5 17. g3 h5 18. h4 gxh3 19. Kh2 Qg4 20. Qd2 Kf7 21. Nf4 h4 22. Rg1 Rh8 23. Bd1 Qg5 24. gxh4 Qxh4 25. Ng6 Qh6 26. Nxh8+ Qxh8 27. Qg5 Ne7 28. Bh5+ Kf8 29. Qf6+ Qxf6 30. exf6 Ng8 31. Rxg8+ Kxg8 32. f7+ Kf8 33. Rg1 Bd7 1-0

[Event "SRB-ch Central"]
[Site "Kragujevac"]
[Date "2015.03.10"]
[Round "3"]
[White "Rancic, Zoran"]
[Black "Novoselski, Zoran"]
[Result "0-1"]
[WhiteElo "2224"]
[BlackElo "2365"]
[PlyCount "54"]
[EventDate "2015.03.09"]
[EventType "swiss"]
[EventRounds "9"]
[EventCountry "SRB"]
[SourceTitle "CBM 165 Extra"]
[Source "ChessBase"]
[SourceDate "2015.04.21"]
[SourceVersion "1"]
[SourceVersionDate "2015.04.21"]
[SourceQuality "1"]

1. Nf3 e6 2. b3 f5 3. Bb2 Nf6 4. d4 d6 5. Nbd2 Be7 6. e3 0-0 7. Bd3 d5 8. Ne5 Nbd7 9. Ndf3 Ne4 10. 0-0 Bd6 11. c4 c6 12. Qc2 Qe7 13. Nxd7 Bxd7 14. Ne5 Be8 15. f3 Nf6 16. e4 dxe4 17. fxe4 Bxe5 18. dxe5 Ng4 19. Rae1 f4 20. Qc3 Qh4 21. h3 f3 22. hxg4 f2+ 23. Rxf2 Rxf2 24. Re3 Rf4 25. Be2 Qf2+ 26. Kh2 Bg6 27. Bf3 h5 0-1

[Event "SRB-chT2 West CS"]
[Site "Serbia"]
[Date "2011.09.18"]
[Round "2"]
[White "Rancic, Zoran"]
[Black "Djokovic, Nebojsa"]
[Result "0-1"]
[WhiteElo "2168"]
[BlackElo "2097"]
[PlyCount "52"]
[EventDate "2011.09.11"]
[EventType "team"]
[EventRounds "11"]
[EventCountry "SRB"]
[SourceTitle "EXT 2015"]
[Source "ChessBase"]
[SourceDate "2014.11.20"]
[SourceVersion "1"]
[SourceVersionDate "2014.11.20"]
[SourceQuality "1"]

1. d4 Nf6 2. c4 g6 3. Nc3 Bg7 4. e4 d6 5. f3 c6 6. Bg5 Qa5 7. Qd2 Nbd7 8. Nge2 a6 9. Nc1 b5 10. Nb3 Qc7 11. cxb5 axb5 12. Rc1 Qb6 13. d5 cxd5 14. Bxb5 dxe4 15. fxe4 0-0 16. Be3 Qb8 17. a4 Bb7 18. Qc2 Rc8 19. Qb1 Ne5 20. Nd2 Neg4 21. Bg1 d5 22. h3 Qg3+ 23. Kf1 Ne3+ 24. Bxe3 Qxe3 25. Rd1 Nh5 26. Ne2 Bd4 0-1

[Event "SRB-chT2 West"]
[Site "Valjevo"]
[Date "2010.09.12"]
[Round "1"]
[White "Rancic, Zoran"]
[Black "Savic, Dragan"]
[Result "0-1"]
[WhiteElo "2177"]
[BlackElo "2148"]
[PlyCount "118"]
[EventDate "2010.09.12"]
[EventType "team-tourn"]
[EventRounds "9"]
[EventCountry "YUG"]
[SourceTitle "EXT 2011"]
[Source "ChessBase"]
[SourceDate "2010.11.26"]
[SourceVersion "1"]
[SourceVersionDate "2010.11.26"]
[SourceQuality "1"]

1. d4 Nf6 2. Nf3 e6 3. c4 d5 4. Nc3 Nbd7 5. Bg5 c6 6. e3 Qa5 7. Bxf6 Nxf6 8. Nd2 Bb4 9. Qc2 0-0 10. Bd3 Re8 11. 0-0 e5 12. Nb3 Qd8 13. cxd5 Bxc3 14. bxc3 cxd5 15. c4 e4 16. Be2 dxc4 17. Qxc4 Be6 18. Qb5 b6 19. Rfc1 Nd5 20. Nd2 a6 21. Qb2 Bd7 22. a4 a5 23. Qb1 Qh4 24. Bb5 Bxb5 25. Qxb5 Qd8 26. Rc6 Rb8 27. Nc4 Re6 28. Ne5 Ne7 29. Rxe6 fxe6 30. Nd7 Rc8 31. Nxb6 Rb8 32. Rb1 Nd5 33. Qxa5 Rxb6 34. Rb5 Qc7 35. g3 h6 36. Kg2 Rc6 37. Qa8+ Kh7 38. Rb8 Rc2 39. h4 h5 40. Rh8+ Kg6 41. Qg8 Nf6 42. Qxe6 Qf7 43. Qd6 Qd5 44. Qxd5 Nxd5 45. Kf1 Ra2 46. Ra8 Kf5 47. Ra5 Ke6 48. Ra6+ Kf7 49. Ra5 Nf6 50. Ke1 Kg6 51. Rg5+ Kh6 52. a5 Ng4 53. Rf5 Kg6 54. Rg5+ Kf6 55. Rxh5 Nxf2 56. Rg5 g6 57. Kf1 Nd1 58. Re5 Nxe3+ 59. Kg1 Ra1+ 0-1